| 000 | 00000cas 2200000zi 4500 |
| 001 | 9.963188 |
| 003 | CaOODSP |
| 005 | 20260529135009 |
| 006 | m o d f |
| 007 | cr ||||||||||| |
| 008 | 260529c20209999oncar p o f0 b0fre|d |
| 022 | |a3111-1963 |
| 040 | |aCaOODSP|bfre|erda|cCaOODSP |
| 043 | |an-cn--- |
| 086 | 1 |aV100F-PDF |
| 110 | 1 |aCanada.|bBureau de l’ombud des vétérans, |eauteur, |eorganisme de publication. |
| 222 | 0|aRapport annuel |b(Canada. Bureau de l'ombud des vétérans) |
| 245 | 10|aRapport annuel / |cBureau de l'ombud des vétérans. |
| 260 | |aOttawa : |bGouvernement du Canada, Ombud des vétérans = Government of Canada, Veterans Ombud, |c[2021]- |
| 264 | 1|aOttawa : |bGouvernement du Canada, Ombud des vétérans = Government of Canada, Veterans Ombud, |c[2021]- |
| 310 | |aAnnuel |
| 336 | |atexte|btxt|2rdacontent/fre |
| 337 | |ainformatique|bc|2rdamedia/fre |
| 338 | |aressource en ligne|bcr|2rdacarrier/fre |
| 362 | 1 |aParaît depuis : 2020/2021. |
| 500 | |aPublié aussi en anglais sous le titre : Annual report. |
| 520 | 3 |aDonne un aperçu de la structure, des activités et des progrès du Bureau de l’ombud des vétérans. |
| 775 | 08|tAnnual report ... / |w(CaOODSP)9.963189 |
| 780 | 00|tRapport annuel |w(CaOODSP)9.502308 |